Komponisten - Statistiken

Allgemein
  • Dieses Quiz wurde 52 mal gespielt
  • Das Durchschnittsergebnis liegt bei 24 aus 58
Antwortstatistiken
Hint Antwort % Korrekt
Die Zauberflöte Wolfgang Amadeus Mozart
98%
Carmen Georges Bizet
81%
Aida Giuseppe Verdi
81%
La Traviata Giuseppe Verdi
74%
Rheingold Richard Wagner
74%
Die Walküre Richard Wagner
74%
Le nozze di Figaro Wolfgang Amadeus Mozart
74%
Lohengrin Richard Wagner
71%
Don Giovanni Wolfgang Amadeus Mozart
71%
Nabucco Giuseppe Verdi
67%
Der fliegende Holländer Richard Wagner
67%
Siegfried Richard Wagner
64%
Tristan und Islode Richard Wagner
64%
Götterdämmerung Richard Wagner
62%
Tosca Giacomo Puccini
60%
Die Meistersinger von Nürnberg Richard Wagner
60%
Il barbiere di Siviglia Gioachino Rossini
57%
Parsifal Richard Wagner
57%
Fidelio Ludwig van Beethoven
55%
Così fan tutte Wolfgang Amadeus Mozart
55%
Die Entführung aus dem Serail Wolfgang Amadeus Mozart
55%
Madama Butterfly Giacomo Puccini
52%
Rigoletto Giuseppe Verdi
52%
Hänsel und Gretel Engelbert Humperdinck
48%
La Bohème Giacomo Puccini
48%
Turandot Giacomo Puccini
45%
Otello Giuseppe Verdi
43%
Der Freischütz Carl Maria von Weber
38%
Don Carlo Giuseppe Verdi
38%
Der Rosenkavalier Richard Strauß
38%
Idomeneo Wolfgang Amadeus Mozart
36%
Il Trovatore Giuseppe Verdi
33%
Eugen Onegin Pjotr Tschaikowsky
33%
Salome Richard Strauß
33%
Falstaff Giuseppe Verdi
31%
Elektra Richard Strauß
31%
Un Ballo in Maschera Giuseppe Verdi
29%
Macbeth Giuseppe Verdi
26%
Hoffmanns Erzählungen Jacques Offenbach
26%
Elisir d'amore Gaetano Donizetti
24%
Lucia di Lammermoor Gaetano Donizetti
21%
Alcina Georg Friedrich Händel
21%
Piqué Dame Pjotr Tschaikowsky
21%
Rusalka Antonín Dvořák
19%
La Cenerentola Gioachino Rossini
19%
Aufstieg und Fall der Stadt Mahagonny Kurt Weil
19%
Ariadne auf Naxos Richard Strauß
19%
Norma Vincenzo Bellini
19%
Faust Charles Gounod
17%
Romeo et Juliette Charles Gounod
17%
Gianni Schicchi Giacomo Puccini
17%
Zar und Zimmerman Albert Lortzing
14%
Orfeo ed Euridice Christoph Willibald Gluck
14%
Don Pasquale Gaetano Donizetti
14%
Die lustigen Weiber von Windsor Otto Nicolai
14%
Pagliacci Ruggero Leoncavallo
14%
Lulu Alban Berg
12%
Cavalleria Rusticana Pietro Mascagni
10%
Keine übereinstimmenden Quizze gefunden
Verteilung der Resultate
Anzahl Personen mit jedem Resultat
Perzentil nach korrekt beantworteten Fragen
Ihre Resultats-Entwicklung
Sie haben dieses Quiz noch nicht gespielt